| 000 | 00937nam a2200229 i 4500 | ||
|---|---|---|---|
| 001 | 157016 | ||
| 003 | ES-MaACL | ||
| 005 | 20260130141915.0 | ||
| 008 | 020905s1896 fr |||| | fre d | ||
| 040 |
_aCCPB | B _bspa _cCCPB | B |
||
| 100 | 1 |
_aLang, Andrew ( _d1844-1912) _969997 |
|
| 245 | 1 | 0 |
_aMythes, cultes et religion / _cpar A. Lang ; traduit par León Marillier avec la collaboration de A. Dirr ; précédée d'une introduction par Léon Marillier. |
| 260 |
_aParis : _bFélix Alcan, _c1896 ( _eÉvreux : _fimprimerie de Charles Hérissey) |
||
| 300 |
_aXXVIII, 683 p. ; _c22 cm. |
||
| 490 | 1 | _aBibliothèque de philosophie contemporaine | |
| 650 | 4 |
_aMitología. _915092 |
|
| 700 | 1 |
_aMarillier, Léon, _d1842-1901 _9129496 |
|
| 700 | 1 |
_aDirr, Adolph, _d1867-1930 _9126806 |
|
| 830 | 0 |
_aBibliothèque de philosophie contemporaine _9181027 |
|
| 852 |
_aES-MaACL _jB-6819 _z-- Enc. pasta |
||
| 999 |
_c157016 _d157016 |
||